Liḳrat reformah munitsipalit be-Meṭropolin Tel Aviv bi-shenot ha-tishʻim /
Disimpan dalam:
| Pengarang Utama: | |
|---|---|
| Pengarang Korporat: | |
| Format: | Buku |
| Bahasa: | Hebrew |
| Diterbitkan: |
Yerushalayim :
Mekhon Florshhaimer le-meḥḳere mediniyut,
1994.
|
| Siri: | Proyeḳṭ libat Yiśraʾel.
Primary core studies. |
| Subjek-subjek: | |
| Penanda-penanda: |
Tambah Penanda
Tiada Penanda, Jadilah orang pertama menanda rekod ini!
|
| LEADER | 00918nam a22002417a 4500 | ||
|---|---|---|---|
| 001 | 007745481-2 | ||
| 005 | 20020606104010.5 | ||
| 008 | 771020s1994 is b 00100 heb d | ||
| 035 | 0 | |a ocm38938882 | |
| 100 | 1 | |a Razin, Eran. | |
| 245 | 1 | 0 | |a Liḳrat reformah munitsipalit be-Meṭropolin Tel Aviv bi-shenot ha-tishʻim / |c ʻEran Razin. |
| 246 | 1 | |i Title on t.p. verso: |a Municipal reform in the Tel Aviv metropolis: |b the agenda for the 1990s | |
| 260 | |a Yerushalayim : |b Mekhon Florshhaimer le-meḥḳere mediniyut, |c 1994. | ||
| 300 | |a 52 p. ; |c 24 cm. | ||
| 490 | 1 | |a Proyeḳṭ libat Yiśraʾel | |
| 650 | 0 | |a Municipal government |z Israel |z Tel Aviv Metropolitan Area. | |
| 651 | 0 | |a Tel Aviv Metropolitan Area (Israel) | |
| 710 | 2 | |a Floersheimer Institute for Policy Studies. | |
| 752 | |a Israel |d Jerusalem | ||
| 830 | 0 | |a Proyeḳṭ libat Yiśraʾel. | |
| 830 | 0 | |a Primary core studies. | |
| 988 | |a 20020608 | ||
| 906 | |0 MH | ||


